Impediments to rural technology (Record no. 627)

MARC details
000 -LEADER
fixed length control field 00563nam a2200205Ia 4500
020 ## - INTERNATIONAL STANDARD BOOK NUMBER
ISBN 81-204-0070-4
082 ## - DEWEY DECIMAL CLASSIFICATION NUMBER
Classification number 307.720954 MAL-;
100 ## - MAIN ENTRY--AUTHOR NAME
Personal name Malgavkar, P.D.
245 #0 - TITLE STATEMENT
Title Impediments to rural technology
260 ## - PUBLICATION, DISTRIBUTION, ETC. (IMPRINT)
Place of publication New Delhi
Name of publisher Oxford & IBH Publishing
Year of publication 1986
300 ## - PHYSICAL DESCRIPTION
Number of Pages 155p.
504 ## - BIBLIOGRAPHY, ETC. NOTE
Bibliography, etc Includes index, bibliography
650 ## - SUBJECT ADDED ENTRY--TOPICAL TERM
Topical Term Social sciences
650 ## - SUBJECT ADDED ENTRY--TOPICAL TERM
Topical Term Sociology, Rural - India
650 ## - SUBJECT ADDED ENTRY--TOPICAL TERM
Topical Term Rural technology
650 ## - SUBJECT ADDED ENTRY--TOPICAL TERM
Topical Term Rural development - India
650 ## - SUBJECT ADDED ENTRY--TOPICAL TERM
Topical Term India - Rural conditions
700 ## - ADDED ENTRY--PERSONAL NAME
Personal name Panandiker,V.A. Pai
942 ## - ADDED ENTRY ELEMENTS (KOHA)
Koha item type Books
Holdings
Withdrawn status Lost status Damaged status Not for loan Home library Current library Date acquired Bill Date Full call number Accession Number Price effective from Koha item type
        NASSDOC Library NASSDOC Library 08/06/2004 2004-10-22 307.720954 MAL-; 20775 18/04/2019 Books